The Rolling Stones Songs on Studio Albums (With Hints) - Statistics

General Stats
  • This quiz has been taken 31 times
  • The average score is 75 of 332
Answer Stats
Answer % Correct
A{ngie}
77%
W{ild} H{orses}
77%
E{motional} R{escue}
69%
({I} C{an't} G{et} N{o}) S{atisfaction}
69%
P{aint} {It}, B{lack}
69%
R{uby} T{uesday}
69%
S{he's} {a} R{ainbow}
69%
S{ympathy} {for} {the} D{evil}
69%
Y{ou} C{an't]\} A{lways} G{et} W{hat} Y{ou} W{ant}
69%
B{east} {of} B{urden}
62%
B{rown} S{ugar}
62%
I{t's} O{nly} R{ock} 'N R{oll} (B{ut} I L{ike} I{t})
62%
L{et's} S{pend} {the} N{ight} T{ogether}
62%
R{oute} 6{6}
62%
S{tart} M{e} U{p}
62%
S{treet} F{ighting} M{an}
62%
T{umbling} D{ice}
62%
U{nder} {My} T{humb}
62%
1{00} Y{ears} A{go}
54%
C{an't} Y{ou} H{ear} {Me} K{nocking}
54%
D{ead} F{lowers}
54%
D{irty} W{ork}
54%
D{oo} D{oo} D{oo} D{oo} D{oo} (H{eartbreaker})
54%
G{imme} S{helter}
54%
L{et} {it} B{leed}
54%
M{idnight} R{ambler}
54%
M{iss} Y{ou}
54%
M{onkey} M{an}
54%
M{other's} L{ittle} H{elper}
54%
S{ome} G{irls}
54%
W{aiting} {on} {a} F{riend}
54%
Y{esterday's} P{apers}
54%
2{000} L{ight} Y{ears} f{rom} H{ome}
46%
B{itch}
46%
C{ountry} H{onk}
46%
D{ancing} {with} M{r.} {D}
46%
H{arlem} S{huffle}
46%
H{ot} S{tuff}
46%
{I} G{ot} {the} B{lues}
46%
I{t's} A{ll} O{ver} N{ow}
46%
L{ady} J{ane}
46%
L{ittle} R{ed} R{ooster}
46%
L{ive} {with} M{e}
46%
L{ove} {in} V{ain}
46%
M{ercy}, M{ercy}
46%
M{oonlight} M{ile}
46%
N{o} E{xpectations}
46%
N{ot} F{ade} A{way}
46%
O{h} B{aby} (W{e} G{ot} {a} G{ood} T{hing} G{oin'})
46%
R{ip} T{his} J{oint}
46%
R{ocks} O{ff}
46%
S{tar} S{tar}
46%
S{way}
46%
U{ndercover} {of} {the} N{ight}
46%
Y{ou} G{otta} M{ove}
46%
Y{ou} G{ot} {the} S{ilver}
46%
2{000} M{an}
38%
C{asino} B{oogie}
38%
C{herry} O{h} B{aby}
38%
C{itadel}
38%
C{onnection}
38%
D{oncha} B{other} {Me}
38%
D{own} H{ome} G{irl}
38%
D{own} t{he} R{oad} A{piece}
38%
E{verybody} N{eeds} S{omebody} {to} L{ove}
38%
F{actory} G{irl}
38%
F{ool} {to} C{ry}
38%
G{et} O{ff} {of} M{y} C{loud}
38%
G{oin'} H{ome}
38%
H{and} {of} F{ate}
38%
H{appy}
38%
H{eart} {of} S{tone}
38%
{I} J{ust} W{ant} {to} M{ake} L{ove} {to} Y{ou}
38%
M{ona} ({I} N{eed} Y{ou} B{aby})
38%
M{ona} {(I} N{eed} Y{ou} B{aby})
38%
P{lay} {with} F{ire}
38%
S{alt} {of} {the} E{arth}
38%
S{hattered}
38%
S{hine} {a} L{ight}
38%
S{ing} T{his} A{ll} T{ogether}
38%
S{ing} T{his} A{ll} T{ogether} (S{ee} W{hat} H{appens})
38%
S{ister} M{orphine}
38%
S{tupid} G{irl}
38%
S{urprise} S{urprise}
38%
S{weet} V{irginia}
38%
T{he} L{ast} T{ime}
38%
T{ime} {Is} {on} {My} S{ide}
38%
T{ime} {Is} {On} {My} S{ide}
38%
U{nder} t{he} B{oardwalk}
38%
U{nder} {the} B{oardwalk}
38%
V{entilator} B{lues}
38%
Y{ou} C{an't} C{atch} M{e}
38%
A{s} T{ears} G{o} B{y}
31%
B{ack} S{treet} G{irl}
31%
C{an} Y{ou} H{ear} {the} M{usic}
31%
C{arol}
31%
C{ool}, C{alm} & C{ollected}
31%
C{razy} M{ama}
31%
C{ry} {to} M{e}
31%
D{ance}, P{t}. {1}
31%
D{ear} D{octor}
31%
F{ar} A{way} E{yes}
31%
G{omper}
31%
G{ood} T{imes}
31%
G{ood} T{imes}, B{ad} T{imes}
31%
G{otta} G{et} A{way}
31%
H{ey} N{egrita}
31%
H{ide} Y{our} L{ove}
31%
H{igh} {and} D{ry}
31%
H{itch} H{ike}
31%
{I} {Am} W{aiting}
31%
{I} J{ust} W{ant} {to} S{ee} H{is} F{ace}
31%
I{'m} {a} K{ing} B{ee}
31%
I{'m} A{ll} R{ight}
31%
I{n} A{nother} L{and}
31%
J{igsaw} P{uzzle}
31%
J{ust} M{y} I{magination} (R{unning} A{way} {with} M{e})
31%
L{et} {it} L{oose}
31%
L{ies}
31%
L{oving} C{up}
31%
L{oving} C{up} (a{lternate} t{ake})
31%
M{elody}
31%
M{emory} M{otel}
31%
M{ixed} E{motions}
31%
O{n} {with} {the} S{how}
31%
P{ain} {in} {My} H{eart}
31%
P{arachute} W{oman}
31%
R{espectable}
31%
S{hake} Y{our} H{ips}
31%
S{he} S{aid} Y{eah}
31%
S{he} S{miled} S{weetly}
31%
S{ilver} T{rain}
31%
S{oul} S{urvivor}
31%
S{oul} S{urvivor} (a{lternate} t{ake})
31%
S{tray} C{at} B{lues}
31%
S{ummer} R{omance}
31%
S{weet} B{lack} A{ngel}
31%
T{ell} M{e}
31%
T{hat's} H{ow} S{trong} {My} L{ove} I{s}
31%
T{he} L{antern}
31%
T{hink}
31%
T{ime} W{aits} {for} N{o} O{ne}
31%
T{urd} {on} {the} R{un}
31%
A{in't} T{oo} P{roud} {to} B{eg}
23%
A{ll} D{own} {the} L{ine}
23%
A{ll} D{own} {the} L{ine} (a{lternate} t{ake})
23%
A{round} {and} A{round}
23%
B{efore} T{hey} M{ake} M{e} R{un}
23%
C{an} {I} G{et} {a} W{itness}
23%
C{oming} D{own} A{gain}
23%
F{light} 5{05}
23%
H{ang} F{ire}
23%
I{'m} F{ree}
23%
L{et} M{e} G{o}
23%
L{ittle} {by} L{ittle}
23%
L{ittle} {T}&{A}
23%
M{iss} A{manda} J{ones}
23%
M{y} O{bsession}
23%
N{ow} I{'ve} G{ot} {a} W{itness}
23%
O{ff} t{he} H{ook}
23%
O{ne} H{it} (T{o} {the} B{ody})
23%
O{ut} {of} T{ime}
23%
P{lease} G{o} H{ome}
23%
P{rodigal} S{on}
23%
S{he's} S{o} C{old}
23%
S{omething} H{appened} {to} M{e} Y{esterday}
23%
S{top} B{reaking} D{own}
23%
T{he} S{pider} {and} {the} F{ly}
23%
T{he} U{nder} A{ssistant} W{est} C{oast} P{romotion} M{an}
23%
T{orn} {and} F{rayed}
23%
W{hen} {the} W{hip} C{omes} D{own}
23%
W{inter}
23%
Y{ou} C{an} M{ake} {I]t {If} Y{ou} T{ry}
23%
2{120} S{outh} M{ichigan} A{venue}
15%
A{ll} A{bout} Y{ou}
15%
A{nybody} S{een} M{y} B{aby}?
15%
B{lack} L{imousine}
15%
{I} C{an't} Q{uit} Y{ou} B{aby}
15%
I{f} Y{ou} C{an't} R{ock} M{e}
15%
I{ndian} G{irl}
15%
L{ove} {is} S{trong}
15%
O{ne} M{ore} T{ry}
15%
R{ock} {and} {a} H{ard} P{lace}
15%
S{end} {It} {to} M{e}
15%
S{lave}
15%
S{uzie} {Q}
15%
S{uzie}-{Q}
15%
T{ake} {It} {or} L{eave} {It}
15%
T{alkin'} A{bout} Y{ou}
15%
W{alking} {the} D{og}
15%
W{hat} {a} S{hame}
15%
W{ho's} B{een} S{leeping} H{ere}?
15%
B{lue} {and} L{onesome}
8%
C{omplicated}
8%
C{onfessin'} {the} B{lues}
8%
C{ongratulations}
8%
D{ance} L{ittle} S{ister}
8%
D{own} {in} {the} H{ole}
8%
E{mpty} H{eart}
8%
F{ingerprint} F{ile}
8%
G{rown} U{p} W{rong}
8%
H{eaven}
8%
H{onest} {I} D{o}
8%
{If} Y{ou} N{eed} M{e}
8%
I{'m} M{oving} O{n}
8%
L{ook} W{hat} Y{ou've} D{one}
8%
L{uxury}
8%
N{eighbours}
8%
O{ut} {of} T{ears}
8%
S{ad} S{ad} S{ad}
8%
S{carlet} (w{ith} J{immy} P{age})
8%
S{he} W{as} H{ot}
8%
S{lipping} A{way}
8%
S{weet} N{eo} C{on}
8%
T{he} S{inger} N{ot} {the} S{ong}
8%
T{oo} M{uch} B{lood}
8%
W{here} {the} B{oys} G{o}
8%
W{orried} A{bout} Y{ou}
8%
Y{ou} B{etter} M{ove} O{n}
8%
Y{ou} G{ot} {Me} R{ocking}
8%
A{ll} {of} Y{our} L{ove}
0%
A{ll} S{old} O{ut}
0%
A{ll} {the} R{age}
0%
A{ll} {the} W{ay} D{own}
0%
A{lmost} H{ear} Y{ou} S{igh}
0%
A{lready} O{ver} M{e}
0%
A{lways} S{uffering}
0%
B{aby} B{reak} {it} D{own}
0%
B{ack} {of} M{y} H{and}
0%
B{ack} {to} Z{ero}
0%
B{iggest} M{istake}
0%
B{linded} {by} L{ove}
0%
B{linded} {by} R{ainbows}
0%
B{lue} T{urns} {to} G{ray}
0%
B{rand} N{ew} C{ar}
0%
B{reak} {the} S{pell}
0%
C{an't} {Be} S{een}
0%
C{laudine}
0%
C{ommit} {a} C{rime}
0%
C{ontinental} D{rift}
0%
C{riss} C{ross}
0%
D{ancing} {in} {the} L{ight}
0%
D{angerous} B{eauty}
0%
D{on't} {Be} {a} S{tranger}
0%
D{o} Y{ou} T{hink} {I} R{eally} C{are}?
0%
D{riving} T{oo} F{ast}
0%
E{verybody} K{nows} A{bout} M{y} G{ood} T{hing}
0%
F{eel} {on} B{aby}
0%
F{ight}
0%
F{lip} {the} S{witch}
0%
F{ollowing} {the} R{iver}
0%
G{ood} T{ime} W{omen}
0%
G{unface}
0%
H{ad} {It} {with} Y{ou}
0%
H{ate} {to} S{ee} Y{ou} G{o}
0%
H{earts} {for} S{ale}
0%
H{old} B{ack}
0%
H{old} {On} {to} Y{our} H{at}
0%
H{oo} D{oo} B{lues}
0%
H{ow} C{an} {I} S{top}
0%
{I} C{an't} {Be} S{atisfied}
0%
I{f} Y{ou} R{eally} W{ant} {to} {Be} {My} F{riend}
0%
{I} G{otta} G{o}
0%
{I} {Go} W{ild}
0%
{I} L{ove} Y{ou} T{oo} M{uch}
0%
I{'m} N{ot} S{ignifying}
0%
I{nfamy}
0%
{It} M{ust} {Be} H{ell}
0%
I{t's} N{ot} E{asy}
0%
I{t} W{on't} T{ake} L{ong}
0%
J{ust} L{ike} {I} T{reat} Y{ou}
0%
J{ust} Y{our} F{ool}
0%
K{eep} U{p} B{lues}
0%
K{ey} {to} {the} H{ighway}
0%
L{augh}, {I} N{early} D{ied}
0%
L{et} M{e} D{own} S{low}
0%
L{ittle} R{ain}
0%
L{ook} W{hat} t{he} C{at} D{ragged} I{n}
0%
L{ow} D{own}
0%
M{ean} D{isposition}
0%
M{ight} {as} W{ell} G{et} J{uiced}
0%
M{oon} {is} U{p}
0%
N{ew} F{aces}
0%
N{o} S{pare} P{arts}
0%
N{o} U{se} {in} C{rying}
0%
O{h} N{o}, N{ot} Y{ou} A{gain}
0%
O{ut} {of} C{ontrol}
0%
P{ass} {the} W{ine} (S{ophia} L{oren})
0%
P{etrol} B{lues}
0%
P{lundered} {My} S{oul}
0%
P{retty} B{eat} U{p}
0%
R{ain} F{all} D{own}
0%
R{ide}'E{m} O{n} D{own}
0%
R{ough} J{ustice}
0%
S{aint} {of} M{e}
0%
S{he} S{aw} M{e} C{oming}
0%
S{hort} {and} C{urlies}
0%
S{leep} T{onight}
0%
S{o} D{ivine} (A{laddin} S{tory})
0%
S{o} Y{oung}
0%
S{parks} W{ill} F{ly}
0%
S{treets} {of} L{ove}
0%
S{uck} {on} {the} J{ugular}
0%
S{weethearts} T{ogether}
0%
T{allahassee} L{assie}
0%
T{errifying}
0%
T{he} W{orst}
0%
T{hief} {in} {the} N{ight}
0%
T{his} P{lace} {is} E{mpty}
0%
T{hru} {and} T{hru}
0%
T{ie} Y{ou} U{p} (T{he} P{ain} {of} L{ove})
0%
T{ill} {the} N{ext} G{oodbye}
0%
T{itle} {5}
0%
T{oo} R{ude}
0%
T{oo} T{ight}
0%
T{oo} T{ough}
0%
T{ops}
0%
W{anna} H{old} Y{ou}
0%
W{e} H{ad} {It} A{ll}
0%
W{hat} {to} {Do}
0%
W{hen} Y{ou're} G{one}
0%
W{inning} U{gly}
0%
Y{ou} D{on't} H{ave} {to} M{ean} I{t}
0%
Y{ou} W{in} A{gain}
0%
No matching quizzes found
Score Distribution
Percent of People with Each Score
Percentile by Number Answered
Your Score History
You have not taken this quiz